Mortgage default and insolvency (Record no. 80851)

MARC details
000 -LEADER
fixed length control field 00722cab a22001935a 4500
001 - CONTROL NUMBER
control field L145519
008 - FIXED-LENGTH DATA ELEMENTS--GENERAL INFORMATION
fixed length control field 081017s2008 xxka f 000 0 eng d
035 ## - SYSTEM CONTROL NUMBER
System control number (Sirsi) u145519
041 0# - LANGUAGE CODE
Language code of text/sound track or separate title eng
100 1# - MAIN ENTRY--PERSONAL NAME
Personal name Ives, Paul
245 00 - TITLE STATEMENT
Title Mortgage default and insolvency
260 ## - PUBLICATION, DISTRIBUTION, ETC.
Date of publication, distribution, etc. 2008
490 ## - SERIES STATEMENT
Series statement Letting Update Journal
Volume/sequential designation (16)3 October 2008, 30-31(2)
520 ## - SUMMARY, ETC.
Summary, etc. Article looks at the wide ranging legal rights of mortgage lenders in regard to defaults on mortgage payments. Discusses legal charges against property, defaults and possession orders. Also has small sections on tenants' rights and power to let.
590 ## - LOCAL NOTE (RLIN)
Local note KA
651 #4 - SUBJECT ADDED ENTRY--GEOGRAPHIC NAME
Geographic name United Kingdom
Chronological subdivision
690 ## - LOCAL SUBJECT ADDED ENTRY--TOPICAL TERM (OCLC, RLIN)
Topical term or geographic name as entry element PROPERTY-INVESTMENT PROPERTY
942 ## - ADDED ENTRY ELEMENTS (KOHA)
Suppress in OPAC 0
Holdings
Withdrawn status Lost status Source of classification or shelving scheme Damaged status Not for loan Home library Current library Shelving location Date acquired Total Checkouts Full call number Barcode Date last seen Copy number Price effective from Koha item type
    Dewey Decimal Classification     London London Journal article 17/10/2008   L145519 145519-1001 06/08/2019 1 06/08/2019 Journal article